Digital electronics
Đã lưu trong:
| Tác giả chính: | |
|---|---|
| Định dạng: | Sách |
| Ngôn ngữ: | Undetermined |
| Được phát hành: |
Clifton Park, NY
Thomson/Delmar Learnming
2007
|
| Những chủ đề: | |
| Các nhãn: |
Thêm thẻ
Không có thẻ, Là người đầu tiên thẻ bản ghi này!
|
| Thư viện lưu trữ: | Trung tâm Học liệu Trường Đại học Cần Thơ |
|---|
| LEADER | 00573nam a2200205Ia 4500 | ||
|---|---|---|---|
| 001 | CTU_128518 | ||
| 008 | 210402s9999 xx 000 0 und d | ||
| 020 | |c 1450000 | ||
| 082 | |a 621.381 | ||
| 082 | |b B593 | ||
| 100 | |a Bignell, James W. | ||
| 245 | 0 | |a Digital electronics | |
| 245 | 0 | |c James W. Bignelland Robert Donovan | |
| 260 | |a Clifton Park, NY | ||
| 260 | |b Thomson/Delmar Learnming | ||
| 260 | |c 2007 | ||
| 650 | |a Digital electronics | ||
| 904 | |i Minh | ||
| 910 | |a Sách kèm đĩa AV.005076 | ||
| 980 | |a Trung tâm Học liệu Trường Đại học Cần Thơ | ||